Balázs Ferenc mészkői évei. {Despre Balázs Ferenc}. [On Balázs Frenc]

Elmentve itt :
Bibliográfiai részletek
Szerző: MÁRTON Éva
Adatforrás:Meister
Forrásdokumentuma:Művelődés. -
2001. 11, 20.
Nyelv:magyar
Kulcsszavak:művelődéstörténet
istoria culturii
history of culture
BALÁZS Ferenc
Mészkő
LEADER 00491nab a2200169 i 4500
001 bibPRO00012366
008 080908s2001 xx hun
040 |a Sz1 
041 |a hun 
100 1 |a MÁRTON Éva 
245 1 0 |a Balázs Ferenc mészkői évei. {Despre Balázs Ferenc}. [On Balázs Frenc]  |c MÁRTON Éva 
695 |a művelődéstörténet 
695 |a istoria culturii 
695 |a history of culture 
695 |a BALÁZS Ferenc 
695 |a Mészkő 
773 0 |t Művelődés. -  |g 2001. 11, 20.